| 000 | 00512nam a22001697a 4500 | ||
|---|---|---|---|
| 999 |
_c4234 _d4234 |
||
| 003 | GBCCL | ||
| 005 | 20241126110514.0 | ||
| 008 | 180117b xxu||||| |||| 00| 0 eng d | ||
| 040 | _cgbc | ||
| 082 |
_a227.7007 _bMAC |
||
| 100 |
_aMacArthur, John _98028 |
||
| 245 |
_aComplete in Christ: _bStudy Notes Colossians 1:24-2:23 / _cJohn MacArthur |
||
| 260 |
_bWord of Grace Communication, _aPanorama: _c1984 |
||
| 300 |
_a149 p.; _c22 cm. |
||
| 650 |
_aBible _vNew Testament _vColossians _xStudy _98029 |
||
| 942 |
_2ddc _cBK _07 |
||